Desarrollo sostenible y gestión del turismo (Registro nro. 3640)

Detalles MARC
000 -CABECERA
campo de control de longitud fija 00739aam a2200253 4500
005 - FECHA Y HORA DE ACTUALIZACIÓN
campo de control 20161101111103.0
008 - LONGITUD FIJA
campo de control de longitud fija 150304b xxu||||| |||| 00| 0 spa d
041 ## - IDIOMA
Código de idioma del texto/pista de sonido o título separado
082 ## - CLASIFICACIÓN DECIMAL DEWEY
Número de clasificación 3.27 A722de2
100 ## - AUTOR PERSONAL
Nombre de persona Acerenza, Miguel Ángel
245 ## - TÍTULO PROPIAMENTE DICHO
Título Desarrollo sostenible y gestión del turismo
250 ## - EDICIÓN
Mención de edición 2 edición
260 ## - PIE DE IMPRENTA
Lugar de publicación, distribución, etc. México
Nombre del editor, distribuidor, etc. Trillas
Fecha de publicación, distribución, etc. 2013
300 ## - DESCRIPCIÓN FÍSICA
Extensión 92 páginas
650 ## - Materia General
Materia general TURISMO SOSTENIBLE
650 ## - Materia General
Materia general ECONOMÍA
650 ## - Materia General
Materia general DESARROLLO SOSTENIBLE
650 ## - Materia General
Materia general DESARROLLO REGIONAL
650 ## - Materia General
Materia general GESTIÓN DEL TURISMO
650 ## - Materia General
Materia general ECOTURISMO
650 ## - Materia General
Materia general COMPATIBILIDAD AMBIENTAL
650 ## - Materia General
Materia general POLÍTICAS TURÍSTICAS
942 ## - Punto de Acceso Adicional Koha
Tipo de ítem Koha Libro
Existencias
Estado perdido Estado dañado No para préstamo Biblioteca permanente Biblioteca actual Signatura completa Código de barras Precio efectivo a partir del Tipo de ítem
      Departamento de Biblioteca y Documentación Alfonso Chase Brenes Departamento de Biblioteca y Documentación Alfonso Chase Brenes 3.27 A722de2 18646 24/10/2016 Libro